[Event "32. Abierto Ciudad de Sevilla"]
[Site "Sevilla ESP"]
[Date "2007.01.07"]
[Round "1.1"]
[White "Spraggett, Kevin"]
[Black "Hernandez Garcia, Manuel"]
[Result "1-0"]
[WhiteElo "2633"]
[BlackElo "1877"]
[PlyCount "55"]
[EventDate "2007.01.07"]
[EventType "swiss"]
[EventRounds "9"]
[EventCountry "ESP"]
[Source "lmi"]
[SourceDate "2007.01.07"]

1. e4 e6 2. d4 d5 3. Nc3 Nf6 4. Bg5 Be7 5. e5 Nfd7 6. Bxe7 Qxe7 7. f4 a6 8. Nf3
Nc6 9. Qd2 Nb6 10. b3 Bd7 11. g3 O-O-O 12. Bg2 Kb8 13. O-O h6 14. a4 Qb4 15.
Qd3 f6 16. Ne2 Na5 17. Qe3 Rc8 18. Ne1 Qe7 19. Nd3 Be8 20. exf6 Qxf6 21. Nc5
Bf7 22. Qd2 Bh5 23. Bf3 Bxf3 24. Rxf3 Nc6 25. a5 Nxd4 26. Nxd4 Qe7 27. Nxa6+
Ka8 28. Nxc7+ 1-0

[Event "32. Abierto Ciudad de Sevilla"]
[Site "Sevilla ESP"]
[Date "2007.01.07"]
[Round "1.2"]
[White "Fernandez Gomez, Jesus"]
[Black "Korneev, Oleg"]
[Result "0-1"]
[WhiteElo "1870"]
[BlackElo "2606"]
[PlyCount "26"]
[EventDate "2007.01.07"]
[EventType "swiss"]
[EventRounds "9"]
[EventCountry "ESP"]
[Source "lmi"]
[SourceDate "2007.01.07"]

1. Nf3 d5 2. b3 Bg4 3. Bb2 Bxf3 4. exf3 Nd7 5. d4 Ngf6 6. Bd3 g6 7. O-O Bg7 8.
Re1 O-O 9. Nd2 c5 10. Qe2 e6 11. dxc5 Nxc5 12. c4 Re8 13. Qf1 dxc4 0-1

[Event "32. Abierto Ciudad de Sevilla"]
[Site "Sevilla ESP"]
[Date "2007.01.07"]
[Round "1.3"]
[White "Burmakin, Vladimir"]
[Black "Blanco Blanco, Jesus"]
[Result "1-0"]
[WhiteElo "2658"]
[BlackElo "1860"]
[PlyCount "67"]
[EventDate "2007.01.07"]
[EventType "swiss"]
[EventRounds "9"]
[EventCountry "ESP"]
[Source "lmi"]
[SourceDate "2007.01.07"]

1. d4 d5 2. Nf3 Nf6 3. g3 c6 4. Bg2 Bg4 5. O-O Nbd7 6. Nbd2 e6 7. Re1 Be7 8. e4
dxe4 9. Nxe4 O-O 10. c3 Rc8 11. Nxf6+ Nxf6 12. Qb3 Qb6 13. Ne5 Bf5 14. Nc4 Qa6
15. Bf1 b5 16. Ne3 Be4 17. a4 Qa5 18. Bd2 bxa4 19. Rxa4 Qc7 20. Qa2 Ra8 21. Ra1
Qb6 22. Nc4 Qb5 23. Ra5 Qb8 24. Rxa7 Rxa7 25. Qxa7 Qd8 26. Qa5 Qb8 27. Qb6 Qe8
28. Ne5 Bd8 29. Qa7 Be7 30. f3 Bf5 31. Qb7 c5 32. Bb5 Qb8 33. Qxb8 Rxb8 34. Nc6
1-0

[Event "32. Abierto Ciudad de Sevilla"]
[Site "Sevilla ESP"]
[Date "2007.01.07"]
[Round "1.4"]
[White "Diaz Castro, Ismael"]
[Black "Epishin, Vladimir"]
[Result "0-1"]
[WhiteElo "1860"]
[BlackElo "2554"]
[PlyCount "53"]
[EventDate "2007.01.07"]
[EventType "swiss"]
[EventRounds "9"]
[EventCountry "ESP"]
[Source "lmi"]
[SourceDate "2007.01.07"]

1. c4 b6 2. d4 e6 3. Nc3 Bb4 4. Nf3 Bb7 5. e3 f5 6. Bd3 Nf6 7. O-O Bxc3 8. bxc3
O-O 9. Re1 c5 10. a4 Nc6 11. Ba3 d6 12. Qc2 h6 13. e4 fxe4 14. Bxe4 Nxe4 15.
Qxe4 Rf6 16. Re3 Na5 17. Qd3 Bxf3 18. Rxf3 Rxf3 19. Qxf3 Qf8 20. Qe2 Re8 21.
Rd1 Qf7 22. Rd3 e5 23. dxc5 Nxc4 24. cxd6 Nxa3 25. d7 Rd8 26. Qxe5 Rxd7 27. Rf3
0-1

[Event "32. Abierto Ciudad de Sevilla"]
[Site "Sevilla ESP"]
[Date "2007.01.07"]
[Round "1.5"]
[White "Lopez Martinez, Josep Manuel"]
[Black "Romero Siria, Segundo"]
[Result "1-0"]
[WhiteElo "2550"]
[BlackElo "1845"]
[PlyCount "33"]
[EventDate "2007.01.07"]
[EventType "swiss"]
[EventRounds "9"]
[EventCountry "ESP"]
[Source "lmi"]
[SourceDate "2007.01.07"]

1. e4 c5 2. Nf3 Nc6 3. d4 cxd4 4. Nxd4 a6 5. Nc3 g6 6. Be3 Bg7 7. Nd5 Nxd4 8.
Bxd4 Bxd4 9. Qxd4 Nf6 10. Nb6 Rb8 11. e5 Nh5 12. O-O-O O-O 13. Bc4 Qc7 14. Nd5
Qd8 15. Qa7 b5 16. Qxb8 bxc4 17. Qxc8 1-0

[Event "32. Abierto Ciudad de Sevilla"]
[Site "Sevilla ESP"]
[Date "2007.01.07"]
[Round "1.6"]
[White "Cohen Gomez, Daniel"]
[Black "Dizdar, Goran"]
[Result "0-1"]
[WhiteElo "1841"]
[BlackElo "2541"]
[PlyCount "48"]
[EventDate "2007.01.07"]
[EventType "swiss"]
[EventRounds "9"]
[EventCountry "ESP"]
[Source "lmi"]
[SourceDate "2007.01.07"]

1. e4 c5 2. Nf3 e6 3. d4 cxd4 4. Nxd4 Bc5 5. Nb3 Bb6 6. Nc3 Ne7 7. Bd3 O-O 8.
O-O Nbc6 9. Kh1 f5 10. f4 fxe4 11. Nxe4 Nf5 12. Qh5 Nb4 13. Bd2 Nxd3 14. cxd3
d6 15. Rae1 Bd7 16. Ng5 h6 17. Nxe6 Qe8 18. Nxg7 Nxg7 19. Qxh6 Qh5 20. Qxd6 Bc6
21. Be3 Qg4 22. Rg1 Nf5 23. Qe6+ Rf7 24. Qe5 Ng3+ 0-1

[Event "32. Abierto Ciudad de Sevilla"]
[Site "Sevilla ESP"]
[Date "2007.01.07"]
[Round "1.7"]
[White "Matamoros Franco, Carlos S"]
[Black "Sanchez Sotomayor, Angel"]
[Result "1-0"]
[WhiteElo "2540"]
[BlackElo "1839"]
[PlyCount "53"]
[EventDate "2007.01.07"]
[EventType "swiss"]
[EventRounds "9"]
[EventCountry "ESP"]
[Source "lmi"]
[SourceDate "2007.01.07"]

1. d4 Nf6 2. Nf3 g6 3. c4 c5 4. d5 b5 5. cxb5 a6 6. e3 axb5 7. Bxb5 Bg7 8. Nc3
O-O 9. a4 d6 10. e4 Nbd7 11. O-O Ng4 12. Nd2 Nde5 13. Qe2 Qa5 14. f4 Ba6 15.
fxe5 Nxe5 16. Ra3 Rfb8 17. Kh1 Rc8 18. Nc4 Bxb5 19. axb5 Qb4 20. Nb6 Rxa3 21.
bxa3 Qxc3 22. Nxc8 c4 23. Bb2 Qb3 24. Bxe5 Bxe5 25. Qf3 f6 26. Qxb3 cxb3 27. b6
1-0

[Event "32. Abierto Ciudad de Sevilla"]
[Site "Sevilla ESP"]
[Date "2007.01.07"]
[Round "1.8"]
[White "Ales Garcia, Jose Manuel"]
[Black "Narciso Dublan, Marc"]
[Result "0-1"]
[WhiteElo "1834"]
[BlackElo "2537"]
[PlyCount "46"]
[EventDate "2007.01.07"]
[EventType "swiss"]
[EventRounds "9"]
[EventCountry "ESP"]
[Source "lmi"]
[SourceDate "2007.01.07"]

1. e4 g6 2. Nf3 Bg7 3. c3 d6 4. Bc4 Nf6 5. d3 c5 6. a4 Nc6 7. Be3 Ng4 8. Bxf7+
Kxf7 9. Ng5+ Ke8 10. Qb3 Nce5 11. O-O h6 12. Ne6 Bxe6 13. Qxe6 Qd7 14. Qb3 Nxd3
15. Rd1 c4 16. Qc2 Rf8 17. Rf1 Nxe3 18. fxe3 Rxf1+ 19. Kxf1 Qg4 20. Nd2 Kd7 21.
Nxc4 Rf8+ 22. Kg1 Qxe4 23. Rd1 Rf2 0-1

[Event "32. Abierto Ciudad de Sevilla"]
[Site "Sevilla ESP"]
[Date "2007.01.07"]
[Round "1.9"]
[White "Lalic, Bogdan"]
[Black "Cilleros Rodriguez, Manuel"]
[Result "1-0"]
[WhiteElo "2522"]
[BlackElo "1830"]
[PlyCount "57"]
[EventDate "2007.01.07"]
[EventType "swiss"]
[EventRounds "9"]
[EventCountry "ESP"]
[Source "lmi"]
[SourceDate "2007.01.07"]

1. c4 Nf6 2. Nc3 e5 3. Nf3 d6 4. g3 g6 5. Bg2 Bg7 6. d4 exd4 7. Nxd4 c6 8. O-O
O-O 9. h3 Na6 10. e4 Re8 11. Re1 Nc7 12. Be3 Ne6 13. Nb3 a5 14. Na4 Ra6 15. Qd3
Qc7 16. Rad1 Rd8 17. f4 d5 18. cxd5 cxd5 19. exd5 Rad6 20. Nc3 Bd7 21. Qe2 Nf8
22. Bc5 Ra6 23. Be7 Rc8 24. Qf2 Ne8 25. d6 Nxd6 26. Nd5 Qb8 27. Nc5 Rxc5 28.
Qxc5 Ne6 29. Bxd6 1-0

[Event "32. Abierto Ciudad de Sevilla"]
[Site "Sevilla ESP"]
[Date "2007.01.07"]
[Round "1.10"]
[White "Paez Moguer, Faustino"]
[Black "Paunovic, Dragan"]
[Result "0-1"]
[WhiteElo "1796"]
[BlackElo "2516"]
[PlyCount "76"]
[EventDate "2007.01.07"]
[EventType "swiss"]
[EventRounds "9"]
[EventCountry "ESP"]
[Source "lmi"]
[SourceDate "2007.01.07"]

1. d4 d6 2. Nf3 Bg4 3. Nbd2 Nd7 4. e3 Ngf6 5. Bd3 e5 6. c3 c6 7. Qc2 Be7 8. O-O
O-O 9. h3 Bh5 10. Ng5 Bg6 11. Bxg6 hxg6 12. Ndf3 exd4 13. exd4 d5 14. Re1 Re8
15. Nxf7 Kxf7 16. Ng5+ Kg8 17. Qxg6 Bd6 18. Ne6 Rxe6 19. Rxe6 Nf8 20. Rxd6 Nxg6
21. Rxd8+ Rxd8 22. Bg5 Re8 23. Bxf6 gxf6 24. g3 Re2 25. Rb1 Ne7 26. Kf1 Rc2 27.
Re1 Kf7 28. Re2 Rxe2 29. Kxe2 Nf5 30. b3 Nd6 31. f3 Kg6 32. Ke3 a5 33. h4 b5
34. g4 b4 35. Kd3 f5 36. c4 fxg4 37. cxd5 g3 38. Ke2 cxd5 0-1

[Event "32. Abierto Ciudad de Sevilla"]
[Site "Sevilla ESP"]
[Date "2007.01.07"]
[Round "1.12"]
[White "Herrera Tudela, Juan Manuel"]
[Black "Krivoshey, Sergei"]
[Result "0-1"]
[WhiteElo "1771"]
[BlackElo "2496"]
[PlyCount "48"]
[EventDate "2007.01.07"]
[EventType "swiss"]
[EventRounds "9"]
[EventCountry "ESP"]
[Source "lmi"]
[SourceDate "2007.01.07"]

1. e4 d5 2. exd5 Nf6 3. Nf3 Nxd5 4. Bc4 e6 5. d4 Be7 6. O-O O-O 7. Bd2 c5 8.
Nc3 cxd4 9. Nxd4 Nb6 10. Nxe6 Bxe6 11. Bxe6 fxe6 12. Qe2 Qd7 13. Rad1 Qc6 14.
Qg4 N8d7 15. Bh6 Rf7 16. Rd3 Ne5 17. Qg3 Nxd3 18. cxd3 Kh8 19. Be3 Nd5 20. Bd4
Nxc3 21. Bxc3 Bf6 22. d4 Rd8 23. Rd1 Qd5 24. Rd2 Qxa2 0-1

[Event "32. Abierto Ciudad de Sevilla"]
[Site "Sevilla ESP"]
[Date "2007.01.07"]
[Round "1.13"]
[White "Parligras, Mircea"]
[Black "Lucenilla Tirado, Juan Manuel"]
[Result "1-0"]
[WhiteElo "2494"]
[BlackElo "1762"]
[PlyCount "21"]
[EventDate "2007.01.07"]
[EventType "swiss"]
[EventRounds "9"]
[EventCountry "ESP"]
[Source "lmi"]
[SourceDate "2007.01.07"]

1. e4 e6 2. d4 d5 3. Nd2 dxe4 4. Nxe4 Bd7 5. c4 Bc6 6. Nc3 Nf6 7. f3 Nbd7 8.
Be3 Be7 9. Qd2 Nb6 10. Bd3 Qd6 11. c5 1-0

[Event "32. Abierto Ciudad de Sevilla"]
[Site "Sevilla ESP"]
[Date "2007.01.07"]
[Round "1.14"]
[White "Rodriguez Solis, Manuel"]
[Black "Tissir, Mohamed"]
[Result "0-1"]
[WhiteElo "1710"]
[BlackElo "2482"]
[PlyCount "58"]
[EventDate "2007.01.07"]
[EventType "swiss"]
[EventRounds "9"]
[EventCountry "ESP"]
[Source "lmi"]
[SourceDate "2007.01.07"]

1. d4 e6 2. c4 c5 3. d5 exd5 4. cxd5 d6 5. Nf3 Ne7 6. Nc3 Ng6 7. Bg5 Qb6 8. Qd2
h6 9. Qe3+ Be7 10. Bxe7 Nxe7 11. b3 Qd8 12. g3 O-O 13. Bg2 b5 14. Nxb5 Qa5+ 15.
Nc3 Nxd5 16. Qd2 Qxc3 17. O-O Qxd2 18. Nxd2 Be6 19. Nc4 Nc6 20. Nxd6 Rab8 21.
Ne4 Nd4 22. e3 Ne2+ 23. Kh1 Rfc8 24. Rfe1 Nec3 25. Nd6 Rc6 26. Nc4 Ra6 27. e4
Nb4 28. Ne3 Rxa2 29. Rac1 Nd3 0-1

[Event "32. Abierto Ciudad de Sevilla"]
[Site "Sevilla ESP"]
[Date "2007.01.07"]
[Round "1.15"]
[White "Komljenovic, Davor"]
[Black "Ladron De Guevara Pinto, Paolo"]
[Result "1-0"]
[WhiteElo "2481"]
[BlackElo "1685"]
[PlyCount "59"]
[EventDate "2007.01.07"]
[EventType "swiss"]
[EventRounds "9"]
[EventCountry "ESP"]
[Source "lmi"]
[SourceDate "2007.01.07"]

1. c4 g6 2. e4 Bg7 3. d4 d6 4. Nc3 Nf6 5. Nge2 O-O 6. f3 c5 7. d5 e6 8. Bg5 Qb6
9. Qd2 exd5 10. cxd5 Nbd7 11. Ng3 a6 12. Be2 Qc7 13. Bh6 b5 14. Bxg7 Kxg7 15.
O-O Re8 16. a4 b4 17. Nd1 a5 18. b3 Ba6 19. Bxa6 Rxa6 20. Nb2 Nb6 21. Rac1 Qd7
22. Rfe1 Ra7 23. Qg5 Qd8 24. Nf5+ Kh8 25. Nxd6 Nfxd5 26. Qxd8 Rxd8 27. Nb5 Rad7
28. exd5 Rxd5 29. Re2 Rd2 30. Kf2 1-0

[Event "32. Abierto Ciudad de Sevilla"]
[Site "Sevilla ESP"]
[Date "2007.01.07"]
[Round "1.16"]
[White "Aranaz Murillo, Amalia"]
[Black "Van der Weide, Karel"]
[Result "0-1"]
[WhiteElo "1672"]
[BlackElo "2476"]
[PlyCount "60"]
[EventDate "2007.01.07"]
[EventType "swiss"]
[EventRounds "9"]
[EventCountry "ESP"]
[Source "lmi"]
[SourceDate "2007.01.07"]

1. c4 Nf6 2. Nc3 g6 3. Nf3 Bg7 4. g3 O-O 5. Bg2 d6 6. O-O e5 7. d3 c6 8. Rb1
Re8 9. b3 d5 10. cxd5 cxd5 11. Bb2 Nc6 12. Rc1 Bh6 13. Rb1 b6 14. Bc1 Bg7 15.
b4 Bb7 16. Bd2 Qe7 17. b5 Nd4 18. e3 Nxf3+ 19. Bxf3 e4 20. dxe4 dxe4 21. Bg2
Nd7 22. Ne2 Ne5 23. Nf4 Rad8 24. Qc2 Nf3+ 25. Bxf3 exf3 26. Bb4 Qe5 27. Rfc1
Be4 28. Qb3 Bxb1 29. Bc3 Bxa2 30. Qb2 Qxc3 0-1

[Event "32. Abierto Ciudad de Sevilla"]
[Site "Sevilla ESP"]
[Date "2007.01.07"]
[Round "1.17"]
[White "Gavrilov, Alexei"]
[Black "Cafferata Llorens, Jose Maria"]
[Result "1-0"]
[WhiteElo "2465"]
[BlackElo "1628"]
[PlyCount "53"]
[EventDate "2007.01.07"]
[EventType "swiss"]
[EventRounds "9"]
[EventCountry "ESP"]
[Source "lmi"]
[SourceDate "2007.01.07"]

1. d4 Nf6 2. c4 g6 3. Nc3 Bg7 4. e4 d6 5. Nf3 O-O 6. Be2 e5 7. Be3 Nc6 8. d5
Ne7 9. Nd2 Nd7 10. f3 f5 11. b4 f4 12. Bf2 g5 13. c5 a6 14. Nc4 dxc5 15. bxc5
b5 16. cxb6 Nxb6 17. d6 Ng6 18. Nxb6 Rb8 19. Nxc8 Qxc8 20. Nd5 c6 21. Nc7 Rd8
22. Bc4+ Kh8 23. Ne6 Rd7 24. Nc5 Ra7 25. Rb1 Rxb1 26. Qxb1 Qd8 27. O-O 1-0

[Event "32. Abierto Ciudad de Sevilla"]
[Site "Sevilla ESP"]
[Date "2007.01.07"]
[Round "1.18"]
[White "Prieto Velasco, Rafael"]
[Black "Siebrecht, Sebastian"]
[Result "0-1"]
[WhiteElo "1553"]
[BlackElo "2457"]
[PlyCount "58"]
[EventDate "2007.01.07"]
[EventType "swiss"]
[EventRounds "9"]
[EventCountry "ESP"]
[Source "lmi"]
[SourceDate "2007.01.07"]

1. d4 g6 2. c4 Bg7 3. e4 c5 4. d5 d6 5. Nd2 Nf6 6. h3 O-O 7. Bd3 e6 8. Qc2 Re8
9. Ne2 Nbd7 10. f4 Qa5 11. O-O exd5 12. Nb3 Qb6 13. exd5 Nxd5 14. cxd5 c4+ 15.
Kh1 cxd3 16. Qxd3 Nf6 17. Nc3 Bf5 18. Qf3 a5 19. Nd2 a4 20. a3 Qc5 21. Ndb1 h5
22. Bd2 b5 23. Rc1 Rac8 24. Rd1 Re7 25. Bc1 Rce8 26. Qf1 Bc2 27. Kh2 Bxd1 28.
Qxd1 Re1 29. Qd2 h4 0-1

[Event "32. Abierto Ciudad de Sevilla"]
[Site "Sevilla ESP"]
[Date "2007.01.08"]
[Round "2.3"]
[White "Ramos Suria, Felix"]
[Black "Burmakin, Vladimir"]
[Result "0-1"]
[WhiteElo "2098"]
[BlackElo "2568"]
[PlyCount "82"]
[EventDate "2007.01.07"]
[EventType "swiss"]
[EventRounds "9"]
[EventCountry "ESP"]
[Source "lmi"]
[SourceDate "2007.01.07"]

1. e4 c6 2. d4 d5 3. f3 g6 4. Nc3 Bg7 5. Be3 dxe4 6. fxe4 e5 7. Nf3 exd4 8.
Bxd4 Bxd4 9. Qxd4 Qxd4 10. Nxd4 Nd7 11. O-O-O Ne5 12. Nf3 Nxf3 13. gxf3 Be6 14.
e5 Nh6 15. Ne4 Ke7 16. Nc5 Bc8 17. Bc4 b6 18. Ne4 Nf5 19. Rhe1 Rf8 20. f4 h6
21. Ng3 c5 22. Bd5 Rb8 23. Be4 Ng7 24. Rd6 Be6 25. Red1 f5 26. Bd5 Rbd8 27.
Bxe6 Rxd6 28. Rxd6 Nxe6 29. Ne2 g5 30. Nc3 Rd8 31. Nd5+ Kf7 32. Ne3 Rxd6 33.
exd6 Ng7 34. Nd5 Ke6 35. Ne7 g4 36. Kd2 h5 37. Ke3 h4 38. c4 Kxd6 39. Nc8+ Kd7
40. Nxa7 h3 41. Kf2 Nh5 0-1

[Event "32. Abierto Ciudad de Sevilla"]
[Site "Sevilla ESP"]
[Date "2007.01.08"]
[Round "2.4"]
[White "Epishin, Vladimir"]
[Black "Robles Garcia, Claudia"]
[Result "1-0"]
[WhiteElo "2554"]
[BlackElo "2089"]
[PlyCount "35"]
[EventDate "2007.01.07"]
[EventType "swiss"]
[EventRounds "9"]
[EventCountry "ESP"]
[Source "lmi"]
[SourceDate "2007.01.07"]

1. d4 Nf6 2. c4 c5 3. d5 b5 4. Nd2 Bb7 5. e4 bxc4 6. Ngf3 Qa5 7. Bxc4 d6 8. O-O
Nbd7 9. Re1 Qc7 10. b4 g6 11. bxc5 Qxc5 12. Rb1 Rb8 13. Qa4 Ng4 14. Bb2 f6 15.
Bd4 Qc7 16. Rec1 Bc8 17. Bb5 Qd8 18. Qxa7 1-0

[Event "32. Abierto Ciudad de Sevilla"]
[Site "Sevilla ESP"]
[Date "2007.01.08"]
[Round "2.6"]
[White "Dizdar, Goran"]
[Black "Vela Ignacio, Jose Manuel"]
[Result "1-0"]
[WhiteElo "2541"]
[BlackElo "2083"]
[PlyCount "55"]
[EventDate "2007.01.07"]
[EventType "swiss"]
[EventRounds "9"]
[EventCountry "ESP"]
[Source "lmi"]
[SourceDate "2007.01.07"]

1. d4 d5 2. Nf3 Nc6 3. g3 Bg4 4. h3 Bxf3 5. exf3 e5 6. dxe5 Nxe5 7. f4 Ng6 8.
Bd3 Qd7 9. c3 Bd6 10. Nd2 O-O-O 11. Nf3 Re8+ 12. Kf1 N8e7 13. Kg2 h5 14. h4 Kb8
15. Bd2 c5 16. b4 c4 17. Bc2 Qg4 18. Ng5 Qxd1 19. Raxd1 Rhf8 20. Be3 b6 21.
Rhe1 Kb7 22. f5 Ne5 23. f6 gxf6 24. Nh7 Rh8 25. Nxf6 Rd8 26. Nxd5 N7g6 27. Bg5
Rc8 28. Nxb6 1-0

[Event "32. Abierto Ciudad de Sevilla"]
[Site "Sevilla ESP"]
[Date "2007.01.08"]
[Round "2.7"]
[White "Ortega Valle, Jose Ramon"]
[Black "Matamoros Franco, Carlos S"]
[Result "0-1"]
[WhiteElo "2074"]
[BlackElo "2540"]
[PlyCount "40"]
[EventDate "2007.01.07"]
[EventType "swiss"]
[EventRounds "9"]
[EventCountry "ESP"]
[Source "lmi"]
[SourceDate "2007.01.07"]

1. e4 e6 2. d3 d5 3. Nd2 Nf6 4. Ngf3 c5 5. g3 Nc6 6. Bg2 Be7 7. O-O O-O 8. Re1
b5 9. e5 Nd7 10. Nf1 a5 11. h3 b4 12. N1h2 Ba6 13. Bf4 a4 14. a3 bxa3 15. bxa3
Rb8 16. h4 Rb2 17. Ng4 Nd4 18. Bc1 Rb8 19. Be3 Qb6 20. Ng5 Qb2 0-1

[Event "32. Abierto Ciudad de Sevilla"]
[Site "Sevilla ESP"]
[Date "2007.01.08"]
[Round "2.8"]
[White "Narciso Dublan, Marc"]
[Black "Lazaro Porta, Angel"]
[Result "1-0"]
[WhiteElo "2537"]
[BlackElo "2073"]
[PlyCount "35"]
[EventDate "2007.01.07"]
[EventType "swiss"]
[EventRounds "9"]
[EventCountry "ESP"]
[Source "lmi"]
[SourceDate "2007.01.07"]

1. Nc3 c5 2. Nf3 Nc6 3. d4 cxd4 4. Nxd4 Nf6 5. e4 e5 6. Nf5 d5 7. exd5 Bxf5 8.
dxc6 bxc6 9. Qf3 Qd7 10. Bg5 Be7 11. Rd1 Qe6 12. Bc4 Qxc4 13. Qxf5 O-O 14. Rd3
e4 15. Rg3 g6 16. Bxf6 Bd6 17. Qh3 Rfe8 18. Qxh7+ 1-0

[Event "32. Abierto Ciudad de Sevilla"]
[Site "Sevilla ESP"]
[Date "2007.01.08"]
[Round "2.9"]
[White "Romero Romero, Sebastian"]
[Black "Lalic, Bogdan"]
[Result "0-1"]
[WhiteElo "2073"]
[BlackElo "2522"]
[PlyCount "44"]
[EventDate "2007.01.07"]
[EventType "swiss"]
[EventRounds "9"]
[EventCountry "ESP"]
[Source "lmi"]
[SourceDate "2007.01.07"]

1. e4 c5 2. Nf3 e6 3. d4 cxd4 4. Nxd4 a6 5. c4 Nf6 6. Nc3 Qc7 7. Be3 b6 8. Bd3
Bb7 9. O-O d6 10. f4 g6 11. Qf3 Bg7 12. Qh3 O-O 13. f5 exf5 14. exf5 Nbd7 15.
fxg6 hxg6 16. Bxg6 fxg6 17. Ne6 Qxc4 18. Nxg7 Ng4 19. Rfd1 Nxe3 20. Qxd7 Nxd1
21. Rxd1 Qc5+ 22. Kh1 Qf2 0-1

[Event "32. Abierto Ciudad de Sevilla"]
[Site "Sevilla ESP"]
[Date "2007.01.08"]
[Round "2.10"]
[White "Paunovic, Dragan"]
[Black "Gentes Benito, Mauricio"]
[Result "1-0"]
[WhiteElo "2516"]
[BlackElo "2066"]
[PlyCount "105"]
[EventDate "2007.01.07"]
[EventType "swiss"]
[EventRounds "9"]
[EventCountry "ESP"]
[Source "lmi"]
[SourceDate "2007.01.07"]

1. Nf3 Nf6 2. c4 e6 3. g3 c5 4. Bg2 Nc6 5. O-O Be7 6. Nc3 d6 7. d4 O-O 8. d5
exd5 9. cxd5 Nb8 10. h3 Bd7 11. e4 b5 12. e5 Ne8 13. Re1 Qc8 14. e6 fxe6 15.
dxe6 Bc6 16. Nd5 Qb7 17. Nxe7+ Qxe7 18. Bf4 h6 19. h4 Rf6 20. h5 Rxe6 21. Qd3
Re4 22. Rxe4 Qxe4 23. Qd2 Qf5 24. Re1 Qxh5 25. Re7 Nd7 26. Rxd7 Bxd7 27. Ne5
dxe5 28. Bxa8 exf4 29. Qxd7 Nf6 30. Qxb5 f3 31. Qb3+ Qf7 32. Qxf7+ Kxf7 33.
Bxf3 Ke6 34. Kf1 Ke5 35. Ke2 Kd4 36. Bc6 Ng4 37. f4 a5 38. Kf3 Ne3 39. g4 c4
40. Ba4 Nd5 41. a3 c3 42. bxc3+ Kxc3 43. Ke4 Nb6 44. Bc6 Kb3 45. Kf5 Kxa3 46.
Kg6 Kb4 47. Kxg7 Kc5 48. Be8 Nd5 49. f5 Kd6 50. f6 Nc7 51. Ba4 Ke5 52. f7 Ne6+
53. Kg8 1-0

[Event "32. Abierto Ciudad de Sevilla"]
[Site "Sevilla ESP"]
[Date "2007.01.08"]
[Round "2.11"]
[White "Quesada Aguilera, Antonio"]
[Black "Campora Sivori, Daniel"]
[Result "0-1"]
[WhiteElo "2068"]
[BlackElo "2510"]
[PlyCount "63"]
[EventDate "2007.01.07"]
[EventType "swiss"]
[EventRounds "9"]
[EventCountry "ESP"]
[Source "lmi"]
[SourceDate "2007.01.07"]

1. d4 Nf6 2. Nf3 e6 3. Bg5 h6 4. Bxf6 Qxf6 5. e4 d6 6. Bd3 Nc6 7. c3 g6 8. Nbd2
Bg7 9. O-O O-O 10. b4 e5 11. d5 Nb8 12. c4 Qe7 13. Qc2 Nd7 14. Nb3 Nf6 15. Rfc1
Nh5 16. c5 f5 17. cxd6 cxd6 18. Qc7 Qf6 19. Nbd2 Rf7 20. Qa5 g5 21. Rc7 Rf8 22.
Rac1 g4 23. Ne1 Qg5 24. b5 Nf4 25. Bf1 fxe4 26. Nxe4 Qf5 27. Ng3 Nh3+ 28. gxh3
Qxf2+ 29. Kh1 gxh3 30. Be2 Bg4 31. Rxg7+ Kxg7 32. Rc7+ 0-1

[Event "32. Abierto Ciudad de Sevilla"]
[Site "Sevilla ESP"]
[Date "2007.01.08"]
[Round "2.12"]
[White "Krivoshey, Sergei"]
[Black "Meana Fernandez-Palacios, Miguel"]
[Result "1-0"]
[WhiteElo "2496"]
[BlackElo "2055"]
[PlyCount "63"]
[EventDate "2007.01.07"]
[EventType "swiss"]
[EventRounds "9"]
[EventCountry "ESP"]
[Source "lmi"]
[SourceDate "2007.01.07"]

1. Nf3 Nf6 2. c4 e6 3. Nc3 d5 4. d4 h6 5. cxd5 exd5 6. Bf4 Bd6 7. Ne5 Nh5 8. e3
Nxf4 9. exf4 c6 10. Bd3 Qb6 11. O-O Bxe5 12. fxe5 Qxb2 13. Rc1 Nd7 14. f4 Qb6
15. Bb1 Qd8 16. f5 Qg5 17. Rf3 h5 18. Rg3 Qh6 19. h4 Qf4 20. Ne2 Qxh4 21. Rxg7
Kf8 22. Rg3 Rg8 23. Rxg8+ Kxg8 24. Rc3 Kf8 25. Rh3 Qg4 26. Rg3 Qh4 27. Qd2 Ke8
28. Rg8+ Nf8 29. f6 c5 30. g3 Qh3 31. Qh6 Bg4 32. Qxf8+ 1-0

[Event "32. Abierto Ciudad de Sevilla"]
[Site "Sevilla ESP"]
[Date "2007.01.08"]
[Round "2.13"]
[White "Coimbra, Margarida Goncalves"]
[Black "Parligras, Mircea"]
[Result "0-1"]
[WhiteElo "2061"]
[BlackElo "2494"]
[PlyCount "140"]
[EventDate "2007.01.07"]
[EventType "swiss"]
[EventRounds "9"]
[EventCountry "ESP"]
[Source "lmi"]
[SourceDate "2007.01.07"]

1. e4 c5 2. Nc3 Nc6 3. g3 g6 4. Bg2 Bg7 5. d3 d6 6. Be3 Bd7 7. Qd2 b5 8. Nge2
b4 9. Nd1 a5 10. c3 Nf6 11. Bh6 Bxh6 12. Qxh6 Ne5 13. Qe3 bxc3 14. Ndxc3 Qb6
15. O-O Qxb2 16. Rab1 Qc2 17. f4 Nfg4 18. Qc1 Qxc1 19. Nxc1 Nc6 20. Nd5 Rb8 21.
Rxb8+ Nxb8 22. Ne2 Nc6 23. Rb1 O-O 24. Rb7 Rd8 25. h3 Nf6 26. Nec3 Kg7 27. a3
Nxd5 28. Nxd5 Kf8 29. Nb6 Be6 30. f5 Ba2 31. Na4 Rb8 32. Rxb8+ Nxb8 33. Nc3 Bb3
34. Kf2 Nc6 35. fxg6 fxg6 36. Ne2 Bd1 37. Nc3 Bc2 38. Ke3 Kf7 39. Kd2 Bb3 40.
Ne2 Kf6 41. Bf3 Be6 42. Bg2 Ke5 43. Ke3 g5 44. h4 gxh4 45. gxh4 Bg4 46. Nc3 Nd4
47. a4 Bd7 48. Bf1 Be6 49. Bg2 Bb3 50. Bh3 Nc2+ 51. Kd2 Kf4 52. Ne2+ Kf3 53.
Bd7 Nd4 54. Nc3 Kf4 55. Be8 Nf3+ 56. Ke2 Nxh4 57. Kf2 Ke5 58. Ne2 Bc2 59. Ke3
Ng2+ 60. Kd2 Bb3 61. Kc3 Bd1 62. Ng3 e6 63. Kd2 Bg4 64. Nf1 h5 65. Nh2 Kf4 66.
Bf7 e5 67. Nf1 h4 68. Bd5 Bd7 69. Bb3 Kf3 70. Bd1+ Kf2 0-1

[Event "32. Abierto Ciudad de Sevilla"]
[Site "Sevilla ESP"]
[Date "2007.01.08"]
[Round "2.14"]
[White "Tissir, Mohamed"]
[Black "Ramirez Guerrero, Enrique"]
[Result "1-0"]
[WhiteElo "2482"]
[BlackElo "2052"]
[PlyCount "99"]
[EventDate "2007.01.07"]
[EventType "swiss"]
[EventRounds "9"]
[EventCountry "ESP"]
[Source "lmi"]
[SourceDate "2007.01.07"]

1. e4 Nf6 2. e5 Nd5 3. d4 d6 4. Nf3 g6 5. Bc4 c6 6. h3 Bg7 7. Qe2 O-O 8. a4 a5
9. O-O Bf5 10. Nc3 Nxc3 11. bxc3 d5 12. Bb3 Na6 13. Rd1 h6 14. Ba3 Qd7 15. c4
dxc4 16. Bxc4 Be6 17. Bxe6 Qxe6 18. Rab1 Rab8 19. c4 Rfd8 20. Rb6 Qd7 21. Qd2
Nb4 22. Bxb4 axb4 23. Qxb4 c5 24. Qxc5 Qxa4 25. Rdb1 Rd7 26. Qb5 Qxb5 27. R1xb5
Rc8 28. Rxb7 Rxb7 29. Rxb7 Rxc4 30. Rxe7 Kf8 31. Rb7 Rc1+ 32. Kh2 Rc2 33. Kg3
Rc3 34. Kf4 Rc2 35. Ke3 Ra2 36. d5 Ra3+ 37. Ke4 Ra4+ 38. Kd3 Ke8 39. e6 Ra3+
40. Kc4 Rc3+ 41. Kb4 Rc2 42. Rxf7 Bf8+ 43. Kb3 Rxf2 44. Ne5 Rxg2 45. Nd7 Be7
46. d6 Bxd6 47. Nf6+ Kd8 48. Rd7+ Kc8 49. Rxd6 Re2 50. Nd5 1-0